Journal of economics & management strategy

Salvato in:
Dettagli Bibliografici
Natura: Periodico
Lingua:inglese
Pubblicazione: Malden Blackwell Publ. 2010
Soggetti:
Tags: Aggiungi Tag
Nessun Tag, puoi essere il primo ad aggiungerne!!

MARC

LEADER 00000nas2a2200000 4500
001 0181890
005 20140214085151.3
022 |a 1058-6407 
041 0 |a eng 
044 |a US 
245 1 0 |a Journal of economics & management strategy 
264 1 |a Malden  |b Blackwell Publ.  |c 2010 
500 |a Chýba č. 3 
773 0 |w eu_un_cat*s122421 
610 2 0 |a riadenie strategické 
610 2 0 |a ekonómia 
610 2 0 |a teória riadenia